000 01118cam a22003134a 4500
001 12310394
003 BDDh-ASL
005 20231015031347.0
008 010214s2001 mduaf b 001 0 eng
010 _a 2001022275
020 _a1590080009
020 _a1590080017 (pbk.)
040 _aDLC
_cBDDh-ASL
_dDLC
042 _apcc
043 _an-us---
050 0 0 _aBP170
_b.F56 2001
082 0 0 _a297.29
_221
_bFIS
100 1 _aFindley, Paul,
_d1921-
245 1 0 _aSilent no more :
_bconfronting America's false images of Islam /
_cPaul Findley.
260 _aBeltsville, MD :
_bAmana Publications,
_c2001.
300 _avi, 323 p., [8] p. of plates :
_bcol. ill. ;
_c24 cm.
504 _aIncludes bibliographical references and index.
650 0 _aIslam
_vApologetic works.
650 0 _aIslam
_xPublic opinion.
650 0 _aPublic opinion
_zUnited States.
906 _a7
_bcbc
_corignew
_d1
_eocip
_f20
_gy-gencatlg
942 _2ddc
_cBK
999 _c32171
_d32171